000 00743nam a2200205 a 4500
001 000040337
005 20201002034052.0
008 130821s2005 mx 000 0 spa d
020 _a9703214916
040 _aDO-SdBNP
_bspa
_cBNPHU
100 1 _aJiménez Montellano, Bernardoautor
_966635
245 1 3 _aLos Títeres y La quiromancia /
_cBernardo Jiménez Montellano ; viñetas Alfredo Zalce.
260 _aMéxico :
_bUniversidad Nacional Autónoma de México,
_c2005.
300 _a28 p. ; :
_bil. ;
_c22 cm.
490 1 _aLunes
_v4
533 _aFacsímil:
_bMéxico
_d20 de enero de 1945
_cBartolomé Costa-Amic
700 1 _aZalce, Alfredo
_966621
710 0 _aUniversidad Nacional Autónoma de México
_942447
830 0 _aLunes
_v4
_966616
999 _c39827
_d39827